000 00572nam a2200217 4500
001 68051
005 20260427132855.0
010 _a978-989-671-255-6
090 _a68051
100 _a20230112d2016 m||y0pory50030103ba
101 0 _apor
102 _aPT
200 1 _aPersianas
_fMiguel-Manso
_gcoord. coleção Pedro Mexia
205 _a2ª ed
210 9 _aLisboa
_cTinta-da-China
_d2016
215 _a196, [11] p.
675 _a821.134.3-1"20"
_vBN
_zpor
700 1 _aManso
_bMiguel
_f1979-
_952979
702 _aMexia
_bPedro
_f1972-
_4340
_931730
801 0 _aPT
_bBN
_gRPC
942 _cMON
_n0